Statistics for Hard God Of War Quiz

Click here to take the quiz!

General Stats

  • This quiz has been taken 109 times
  • The average score is 18 of 33

Answer Stats

HintAnswer% Correct
Who Is Freya's Son?Baldur
91%
Faye Wanted Atreus To Be Named What?Loki
89%
Who Gave Kratos His Axe?Faye
88%
What Is The Name Of The World Serpent?Jormungand
88%
Who Killed Brok?Odin
86%
Who Killed Thor?Odin
86%
Who Did Odin Disguise As In God Of War Ragnarok?Tyr
75%
Atreus Is Half God And Half What?Giant
72%
Who Is The True Valkyrie Queen?Freya
69%
In What Mythology Does This Game Take Place In?Norse
68%
What Is The Name Of Kratos's New Spear?Draupnir
66%
What Is Kratos Also Referred as?The Ghost Of Sparta
65%
Baldur Is Immune To All Threats, Physical And ___?Magical
60%
Who Is Freya's Brother?Freyr
58%
When You Blow Gjallarhorn, What Begins?Ragnarok
58%
What Is The Lake That Tyr's Temple Is On?The Lake Of Nine
58%
In What Realm Did Faye Battle Thor?Vanaheim
48%
What Raven Did Atreus Use To Go To Asgard?Huginn
46%
What Did Thrud and Atreus Free In Helheim?Garm
45%
Who Did Kratos And Atreus Seek In Muspelheim?Surtur
45%
What Was Kratos's Daughters Name In Greece?Calliope
43%
God Of War Was Created By Who?Santa Monica
42%
What Is The Reptile At The Bottom Of The World Tree?Nidhogg
40%
What Animal Can Freya Turn Into?A Falcon
37%
What Is The Name Of The World Tree?Yggdrasil
37%
Who Is The Valkyrie Queen In Muspleheim?Gna
35%
Who Was The World Made Out Of?Ymir
34%
What Is Sindri's and Brock's Last Name?Huldra
31%
Who Is The Squirrel In The Realm Between Realms?Ratatosk
31%
Who Does Atreus Have A Crush On?Angraboda
28%
What Are The Names Of The Wolves Who Chase The Sun And Moon?Skol and Hati
18%
How Long Was Mimir Trapped In The Tree?109 Winters
17%
When Muspelheim And Niflheim Meet, Where Are You?The Spark Of The World
15%

Score Distribution

Percentile by Number Answered

Percent of People with Each Score

Your Score History

You have not taken this quiz